Every Bruno Mars Song on the Billboard Hot 100 - Statistics

General Stats
  • This quiz has been taken 763 times
    535 since last reset
  • The average score is 13 of 26
Answer Stats
# Year Song % Correct
1 2011 Grenade
92%
4 2016 24K Magic
82%
1 2015 Uptown Funk! (Mark Ronson)
78%
1 2010 Just The Way You Are
77%
4 2011 The Lazy Song
77%
1 2013 When I Was Your Man
75%
1 2012 Locked Out Of Heaven
74%
1 2017 That's What I Like
74%
1 2021 Leave The Door Open (Silk Sonic & Anderson .Paak)
63%
5 2013 Treasure
63%
3 2018 Finesse ft. Cardi B
59%
85 2011 Marry You
57%
33 2017 Versace On The Floor
51%
4 2010 Billionaire (Travie McCoy)
47%
3 2011 It Will Rain
45%
1 2010 Nothin' On You (B.o.B)
44%
22 2013 Gorilla
41%
3 2019 Please Me (Cardi B)
38%
50 2012 Runaway Baby
37%
11 2018 Wake Up in the Sky (Gucci Mane & Kodak Black)
26%
32 2014 Young Girls
23%
4 2011 Lighters (Bad Meets Evil)
17%
16 2011 Mirror (Lil Wayne)
17%
60 2019 BLOW (Ed Sheeran & Chris Stapleton)
11%
7 2012 Young, Wild & Free (Snoop Dogg & Wiz Khalifa)
10%
56 2013 Bubble Butt (Major Lazer) ft. Tyga & Mystic
6%
No matching quizzes found
Score Distribution
Percent of People with Each Score
Percentile by Number Answered
Your Score History
You have not taken this quiz since the last reset